[Event "Oberliga Ost B"]
[Site "?"]
[Date "2022.10.23"]
[Round "3.3"]
[White "Solonar, Stefan"]
[Black "Lenz, Jonas"]
[Result "1/2-1/2"]
[WhiteElo "2290"]
[BlackElo "2150"]
[PlyCount "117"]
[EventDate "2022.09.18"]
[EventType "team-tourn"]
[EventCountry "GER"]
[WhiteTeam "Heusenstamm SC"]
[BlackTeam "Homburg Bad SK"]
[WhiteTeamCountry "GER"]
[BlackTeamCountry "GER"]

1. c4 e5 2. Nc3 Bb4 3. g3 Bxc3 4. bxc3 d6 5. Bg2 Ne7 6. Rb1 Nbc6 7. e4 Rb8 8. Ne2 b6 9. d3 O-O 10. O-O Qe8 11. f4 f5 12. fxe5 dxe5 13. Ba3 Be6 14. exf5 Rxf5 15. Qd2 Qd7 16. Be4 Rxf1+ 17. Rxf1 h6 18. Qe3 Nf5 19. Qf3 Nce7 20. Bd5 c6 21. Bxe6+ Qxe6 22. Qe4 Re8 23. Nd4 Nxd4 24. cxd4 Qg6 25. Qxe5 Nd5 26. Qd6 Qxd6 27. Bxd6 Nc3 28. Be5 c5 29. Kf2 cxd4 30. Bxd4 Nxa2 31. Ra1 Nb4 32. Rxa7 Nxd3+ 33. Kg2 Ne5 34. Rb7 Nxc4 35. Rxg7+ Kf8 36. Rg6 Rd8 37. Bxb6 Nxb6 38. Rxb6 Rd2+ 39. Kh3 Kg7 40. g4 Rd5 41. Kg3 Ra5 42. Rb3 Ra6 43. h4 Ra7 44. Rb5 Rc7 45. Kf4 Rf7+ 46. Rf5 Ra7 47. Re5 Rf7+ 48. Ke4 Ra7 49. h5 Rb7 50. Re6 Rb4+ 51. Kf5 Rb5+ 52. Re5 Rb7 53. Rd5 Rf7+ 54. Ke4 Re7+ 55. Re5 Ra7 56. Re6 Ra4+ 57. Kf5 Ra5+ 58. Re5 Ra7 59. g5 1/2-1/2

[Event "Oberliga Ost B"]
[Site "?"]
[Date "2022.10.23"]
[Round "3.4"]
[White "Erdmann, Stefan"]
[Black "Klundt, Klaus"]
[Result "1-0"]
[WhiteElo "2156"]
[BlackElo "2282"]
[PlyCount "87"]
[EventDate "2022.09.18"]
[EventType "team-tourn"]
[EventCountry "GER"]
[WhiteTeam "Homburg Bad SK"]
[BlackTeam "Heusenstamm SC"]
[WhiteTeamCountry "GER"]
[BlackTeamCountry "GER"]

1. d4 Nf6 2. c4 g6 3. Nf3 Bg7 4. Nc3 O-O 5. g3 d6 6. Bg2 Nc6 7. O-O Rb8 8. b3 a6 9. d5 Na5 10. Bg5 c5 11. dxc6 Nxc6 12. Rc1 h6 13. Bd2 Bf5 14. Ne1 Qd7 15. e4 Bg4 16. f3 Bh3 17. Be3 Bxg2 18. Kxg2 b5 19. Nd5 bxc4 20. Nxf6+ exf6 21. Rxc4 Rfe8 22. Qd2 Kh7 23. Nd3 Ne5 24. Nxe5 fxe5 25. Rfc1 Bf8 26. Rc7 Qe6 27. Ra7 Rec8 28. Rxa6 f5 29. Ra7+ Kg8 30. Rac7 fxe4 31. fxe4 Rxc7 32. Rxc7 g5 33. Qc2 Ra8 34. a4 Rb8 35. Rc3 g4 36. Qd3 Kh8 37. a5 Bg7 38. a6 Qf7 39. Qe2 Qg6 40. Qc2 Kh7 41. a7 Rf8 42. Bf2 h5 43. b4 Kh6 44. Ra3 1-0

[Event "Oberliga Ost B"]
[Site "?"]
[Date "2022.10.23"]
[Round "3.5"]
[White "Roeschlau, Bernd"]
[Black "Dunsbach, Ralf"]
[Result "1-0"]
[WhiteElo "2209"]
[BlackElo "2143"]
[PlyCount "137"]
[EventDate "2022.09.18"]
[EventType "team-tourn"]
[EventCountry "GER"]
[WhiteTeam "Heusenstamm SC"]
[BlackTeam "Homburg Bad SK"]
[WhiteTeamCountry "GER"]
[BlackTeamCountry "GER"]

1. d4 d5 2. c4 dxc4 3. Nf3 Nf6 4. e3 Bg4 5. Bxc4 e6 6. Qb3 Bxf3 7. gxf3 Nbd7 8. Nc3 Nb6 9. Be2 Be7 10. Bd2 O-O 11. Rc1 a5 12. a3 a4 13. Qc2 c6 14. f4 Nfd5 15. Ne4 Nd7 16. Rg1 f5 17. Nc3 Nxc3 18. Bxc3 Nf6 19. Bc4 Nd5 20. Bd2 Bd6 21. Qd3 Qh4 22. Qf1 Rf6 23. Rg3 Rh6 24. Qg2 Qf6 25. Rg5 Qf7 26. Be2 Be7 27. Rg3 Bh4 28. Rh3 Nf6 29. Kd1 Ne4 30. Be1 Qg6 31. Qxg6 hxg6 32. Rxh4 Rxh4 33. f3 Rh3 34. fxe4 Rxe3 35. e5 Re4 36. Bd2 Rxd4 37. Ke1 Kf7 38. Rc3 Rh8 39. h3 Rh4 40. Rf3 c5 41. Be3 Re4 42. Kd2 g5 43. Bd3 gxf4 44. Bf2 Re3 45. Bxe3 fxe3+ 46. Kxe3 Rd4 47. Rf4 Rd5 48. Rxa4 Rxe5+ 49. Kd2 Rd5 50. Kc3 Kf6 51. Ra7 b6 52. Bb5 Re5 53. Rb7 Re3+ 54. Kc2 Rxh3 55. Rxb6 g5 56. Bc4 Re3 57. Kd2 f4 58. Rb8 g4 59. Rg8 Re4 60. b3 f3 61. Bd3 Rd4 62. Ke3 Kf7 63. Rg5 f2 64. Be2 Kf6 65. Rxc5 g3 66. Rc1 Rd2 67. Rb1 Ra2 68. a4 Ke5 69. Bf1 1-0

[Event "Oberliga Ost B"]
[Site "?"]
[Date "2022.10.23"]
[Round "3.6"]
[White "Wolf, Ulrich Martin"]
[Black "Otte, Marijn"]
[Result "1/2-1/2"]
[WhiteElo "2174"]
[BlackElo "2162"]
[PlyCount "62"]
[EventDate "2022.09.18"]
[EventType "team-tourn"]
[EventCountry "GER"]
[WhiteTeam "Homburg Bad SK"]
[BlackTeam "Heusenstamm SC"]
[WhiteTeamCountry "GER"]
[BlackTeamCountry "GER"]

1. d4 Nf6 2. Nf3 g6 3. Bg5 Bg7 4. Nbd2 d5 5. e3 Nbd7 6. Bd3 O-O 7. O-O c5 8. c3 b6 9. a4 Bb7 10. Qb1 Re8 11. Bf4 Nh5 12. Be5 Nhf6 13. h3 Nxe5 14. Nxe5 Qd6 15. f4 e6 16. Qe1 Ne4 17. Nxe4 dxe4 18. Be2 f6 19. Nc4 Qc7 20. b4 cxb4 21. cxb4 Bf8 22. Qb1 Rac8 23. Rc1 a6 24. b5 a5 25. Qb2 Qd8 26. Rc2 Bb4 27. Rac1 Re7 28. Nd2 Rec7 29. Nc4 Bd5 30. Kf2 Kh8 31. g3 Kg8 1/2-1/2

[Event "Oberliga Ost B"]
[Site "?"]
[Date "2022.10.23"]
[Round "3.7"]
[White "Vechorkin, Oleksii"]
[Black "Novak, Volker"]
[Result "0-1"]
[WhiteElo "2051"]
[BlackElo "2110"]
[PlyCount "64"]
[EventDate "2022.09.18"]
[EventType "team-tourn"]
[EventCountry "GER"]
[WhiteTeam "Heusenstamm SC"]
[BlackTeam "Homburg Bad SK"]
[WhiteTeamCountry "GER"]
[BlackTeamCountry "GER"]

1. d4 d5 2. Nf3 Nf6 3. c4 c6 4. Nc3 e6 5. Bg5 Nbd7 6. g3 Qa5 7. Bd2 dxc4 8. e3 b5 9. Bg2 Bb7 10. a4 b4 11. Ne2 c5 12. O-O Rc8 13. Rc1 Nb6 14. b3 cxb3 15. dxc5 b2 16. Rb1 Nxa4 17. Nfd4 Bxg2 18. Nb3 Qa6 19. Kxg2 Bxc5 20. Nxc5 Rxc5 21. Qb3 Qc6+ 22. Kg1 a5 23. Nd4 Qd7 24. Rfd1 Rd5 25. Bxb4 axb4 26. Qxb4 Nc5 27. Qb8+ Qd8 28. Qb5+ Ncd7 29. Qxb2 O-O 30. Rdc1 Ne5 31. Qb7 Qa8 32. Qb2 Nd3 0-1

[Event "Oberliga Ost B"]
[Site "?"]
[Date "2022.10.23"]
[Round "3.8"]
[White "Nagelsdiek, Ralf"]
[Black "Benninger, Rudolf"]
[Result "1/2-1/2"]
[WhiteElo "2022"]
[BlackElo "1977"]
[PlyCount "95"]
[EventDate "2022.09.18"]
[EventType "team-tourn"]
[EventCountry "GER"]
[WhiteTeam "Homburg Bad SK"]
[BlackTeam "Heusenstamm SC"]
[WhiteTeamCountry "GER"]
[BlackTeamCountry "GER"]

1. c4 g6 2. Nc3 Bg7 3. g3 c5 4. Bg2 Nc6 5. e3 e6 6. Nh3 Nge7 7. Nf4 d6 8. d3 a6 9. O-O Rb8 10. Bd2 O-O 11. Rb1 b5 12. b3 Bd7 13. h4 f5 14. Nce2 Qc7 15. Bc3 e5 16. Nd5 Nxd5 17. Bxd5+ Kh8 18. cxb5 axb5 19. d4 Ne7 20. dxe5 dxe5 21. Bg2 Bc6 22. Rc1 Rfd8 23. Qc2 Bxg2 24. Kxg2 Nd5 25. e4 fxe4 26. Qxe4 Nxc3 27. Rxc3 Rd2 28. Rfc1 Bf8 29. R3c2 Rd7 30. h5 Qb7 31. Qxb7 Rbxb7 32. hxg6 hxg6 33. Nc3 Rd4 34. f3 Bh6 35. Re1 Rd2+ 36. Re2 Rxc2 37. Rxc2 Be3 38. Ne4 b4 39. Kf1 Rh7 40. Ke2 Bd4 41. Ng5 Rh1 42. Kd3 Re1 43. Re2 Rc1 44. Ke4 Kg7 45. f4 exf4 46. Kxf4 Bf6 47. Ne4 c4 48. bxc4 1/2-1/2

[Event "Oberliga Ost B"]
[Site "?"]
[Date "2022.10.23"]
[Round "3.1"]
[White "Humburg, Philipp"]
[Black "Konopka, Michal"]
[Result "1/2-1/2"]
[WhiteElo "2235"]
[BlackElo "2354"]
[PlyCount "50"]
[EventDate "2022.09.18"]
[EventType "team-tourn"]
[EventCountry "GER"]
[WhiteTeam "Marburg SK"]
[BlackTeam "Schoeneck SF"]
[WhiteTeamCountry "GER"]
[BlackTeamCountry "GER"]

1. d4 Nf6 2. c4 g6 3. Nc3 d5 4. cxd5 Nxd5 5. e4 Nxc3 6. bxc3 Bg7 7. Bc4 c5 8. Be3 Nc6 9. Ne2 O-O 10. O-O Bg4 11. f3 Bd7 12. Qd2 cxd4 13. cxd4 Qa5 14. Qb2 Rab8 15. Rac1 b5 16. Bb3 Rbc8 17. h4 Qb6 18. h5 Na5 19. h6 Bf6 20. Qd2 Nxb3 21. axb3 e6 22. e5 Be7 23. Ng3 Qd8 24. Rxc8 Bxc8 25. Ne4 Bb7 1/2-1/2

[Event "Oberliga Ost B"]
[Site "?"]
[Date "2022.10.23"]
[Round "3.2"]
[White "Marchio, Enrico"]
[Black "Baum, Bernd"]
[Result "1-0"]
[WhiteElo "2275"]
[BlackElo "2267"]
[PlyCount "113"]
[EventDate "2022.09.18"]
[EventType "team-tourn"]
[EventCountry "GER"]
[WhiteTeam "Schoeneck SF"]
[BlackTeam "Marburg SK"]
[WhiteTeamCountry "GER"]
[BlackTeamCountry "GER"]

1. Nf3 c5 2. b3 Nc6 3. Bb2 e6 4. e3 Nf6 5. Bb5 Qc7 6. O-O Be7 7. d4 cxd4 8. Nxd4 O-O 9. Nd2 b6 10. Nxc6 dxc6 11. Bd3 Rd8 12. Qf3 Bb7 13. Qh3 h6 14. e4 Qf4 15. e5 Nd5 16. Rad1 Qh4 17. Qf3 Bf8 18. g3 Qe7 19. Qe4 g6 20. c4 Nb4 21. Bb1 c5 22. Qe3 Rd7 23. a3 Nc6 24. Ne4 Rxd1 25. Rxd1 Rd8 26. Nd6 Na5 27. Bc2 Ba8 28. h4 h5 29. Bc3 Qc7 30. f3 Bg7 31. Kf2 Nc6 32. Qf4 Qe7 33. Kg2 Na5 34. Kh3 Nc6 35. g4 hxg4+ 36. fxg4 Qf8 37. g5 Ne7 38. h5 Nf5 39. Bxf5 exf5 40. h6 Bh8 41. Rd3 Kh7 42. Kh4 Bc6 43. Rd2 Rd7 44. Nxf5 Rxd2 45. Bxd2 Bd7 46. Nd6 Be6 47. Qe4 Qe7 48. Bf4 Bd7 49. Kg3 Qe6 50. Kf2 a6 51. Qd5 Kg8 52. Qa8+ Kh7 53. Qf8 Bxe5 54. Bxe5 Qxe5 55. Qxf7+ Kh8 56. Qf6+ Qxf6+ 57. gxf6 1-0

[Event "Oberliga Ost B"]
[Site "?"]
[Date "2022.10.23"]
[Round "3.3"]
[White "Dorst, Johannes"]
[Black "Heinatz, Thomas"]
[Result "1/2-1/2"]
[WhiteElo "2231"]
[BlackElo "2271"]
[PlyCount "96"]
[EventDate "2022.09.18"]
[EventType "team-tourn"]
[EventCountry "GER"]
[WhiteTeam "Marburg SK"]
[BlackTeam "Schoeneck SF"]
[WhiteTeamCountry "GER"]
[BlackTeamCountry "GER"]

1. e4 c5 2. Nf3 d6 3. Bb5+ Nd7 4. O-O Ngf6 5. Re1 e6 6. c3 a6 7. Bf1 Be7 8. d4 O-O 9. a4 b6 10. Bd3 Bb7 11. Nbd2 cxd4 12. cxd4 e5 13. d5 Nc5 14. Bb1 a5 15. Nf1 Ba6 16. Ng3 g6 17. h3 Nfd7 18. Ra3 Rc8 19. Bh6 Re8 20. Qd2 f6 21. h4 Bf8 22. Be3 h5 23. Bc2 Qe7 24. Bd1 Rc7 25. Be2 Rec8 26. b4 axb4 27. Qxb4 Bxe2 28. Nxe2 Ra7 29. Rea1 Rca8 30. Nc3 Qd8 31. Nb5 Ra6 32. Nd2 Kh7 33. f3 Nb7 34. Bf2 Ndc5 35. Nf1 Qd7 36. Qc4 Bh6 37. Nc3 Ra5 38. Rb1 Rc8 39. Rxb6 Nxa4 40. Rc6 Nb2 41. Qa2 Rxa3 42. Qxa3 Nd3 43. Be3 Rxc6 44. dxc6 Qxc6 45. Nd5 Nf4 46. Bxf4 Bxf4 47. Nxf6+ Kg7 48. Nd5 Qc5+ 1/2-1/2

[Event "Oberliga Ost B"]
[Site "?"]
[Date "2022.10.23"]
[Round "3.4"]
[White "Nazarenus, Moritz"]
[Black "Alber, Horst"]
[Result "0-1"]
[WhiteElo "2243"]
[BlackElo "2240"]
[PlyCount "148"]
[EventDate "2022.09.18"]
[EventType "team-tourn"]
[EventCountry "GER"]
[WhiteTeam "Schoeneck SF"]
[BlackTeam "Marburg SK"]
[WhiteTeamCountry "GER"]
[BlackTeamCountry "GER"]

1. d4 Nf6 2. c4 g6 3. Nc3 Bg7 4. e4 d6 5. f3 O-O 6. Be3 a6 7. Qd2 Nc6 8. Nge2 Rb8 9. Rc1 Bd7 10. h4 h5 11. Nd1 Re8 12. Nf2 e5 13. d5 Ne7 14. g3 c5 15. dxc6 bxc6 16. Qxd6 Ned5 17. cxd5 Bf8 18. Qxf8+ Rxf8 19. dxc6 Rxb2 20. cxd7 Qa5+ 21. Nc3 Nxd7 22. Bh3 Nb6 23. O-O Nc4 24. Bh6 Nd2 25. Nd3 Nxf1 26. Nxb2 Qb6+ 27. Kxf1 Qxb2 28. Nd5 Rb8 29. Bg2 Qxa2 30. Nf6+ Kh8 31. Kg1 Rb1 32. Rxb1 Qxb1+ 33. Kh2 Qd1 34. f4 a5 35. Nd5 a4 36. Nc3 Qb3 37. Nxa4 Qxa4 38. fxe5 Qd4 39. Bf4 Kg8 40. Kh3 Qf2 41. Bh6 Qd4 42. Bf4 Kf8 43. Kh2 Qf2 44. Kh1 Ke8 45. Bh3 Qe1+ 46. Kh2 Qxe4 47. Kg1 Kd8 48. Kf2 Qd4+ 49. Kf1 Qb2 50. Kg1 Qe2 51. Bg2 Kd7 52. Kh1 Ke6 53. Kg1 Kf5 54. Bb7 Qc2 55. Bf3 Ke6 56. Kf1 Kd7 57. Kg1 Qa2 58. Kf1 Qe6 59. Kg1 Kc7 60. Kf1 Kb6 61. Kg1 Kc5 62. Kf1 Kd4 63. Kg1 Qh3 64. Kf2 Qf5 65. Ke2 Qc2+ 66. Kf1 Kd3 67. Kg1 Qa2 68. Kf1 Kd4 69. Kg1 Qc2 70. Kf1 Qh2 71. Bg2 g5 72. hxg5 h4 73. e6 fxe6 74. g6 hxg3 0-1

[Event "Oberliga Ost B"]
[Site "?"]
[Date "2022.10.23"]
[Round "3.5"]
[White "Henrich, Thomas"]
[Black "Meyer, Kai Christian"]
[Result "0-1"]
[WhiteElo "2116"]
[BlackElo "2192"]
[PlyCount "108"]
[EventDate "2022.09.18"]
[EventType "team-tourn"]
[EventCountry "GER"]
[WhiteTeam "Marburg SK"]
[BlackTeam "Schoeneck SF"]
[WhiteTeamCountry "GER"]
[BlackTeamCountry "GER"]

1. e4 c6 2. Nc3 d5 3. d4 dxe4 4. Nxe4 Bf5 5. Ng3 Bg6 6. Nh3 e6 7. Nf4 Bd6 8. Ngh5 Kf8 9. Qf3 Nf6 10. Nxg6+ hxg6 11. Nf4 Qb6 12. c3 Nbd7 13. Be2 e5 14. dxe5 Nxe5 15. Qe3 Qa5 16. b4 Qc7 17. Bd2 Re8 18. Nh3 Nc4 19. Qd3 Nxd2 20. Kxd2 Ne4+ 21. Kc2 Nxc3 22. Kxc3 Be5+ 23. Kb3 Bxa1 24. Rxa1 Qe5 25. Re1 g5 26. Qf3 Qd5+ 27. Qxd5 cxd5 28. f3 Rh6 29. Kc3 Rhe6 30. Kd2 Re3 31. Nxg5 Ra3 32. Ra1 a5 33. bxa5 Ra8 34. Rc1 Rxa2+ 35. Kd1 R8xa5 36. Rc8+ Ke7 37. Rc7+ Kd6 38. Rxb7 f6 39. Nf7+ Kc5 40. Ke1 Ra7 41. Rxa7 Rxa7 42. Nh8 g5 43. Ng6 Kd4 44. Kf2 Kc3 45. h4 gxh4 46. Nxh4 d4 47. Nf5 Ra2 48. Nxd4 Kxd4 49. g4 Rb2 50. f4 Ke4 51. g5 f5 52. g6 Rb6 53. Bh5 Rb8 54. Kg3 Rg8 0-1

[Event "Oberliga Ost B"]
[Site "?"]
[Date "2022.10.23"]
[Round "3.6"]
[White "Kirchner, Markus"]
[Black "Rolle, Eric"]
[Result "1-0"]
[WhiteElo "2083"]
[BlackElo "2129"]
[PlyCount "107"]
[EventDate "2022.09.18"]
[EventType "team-tourn"]
[EventCountry "GER"]
[WhiteTeam "Schoeneck SF"]
[BlackTeam "Marburg SK"]
[WhiteTeamCountry "GER"]
[BlackTeamCountry "GER"]

1. e4 e5 2. Nc3 Nc6 3. Bc4 Nf6 4. d3 Na5 5. Bb3 Nxb3 6. axb3 Bc5 7. Bg5 h6 8. Bh4 c6 9. Nf3 Qe7 10. O-O d6 11. Na4 Bg4 12. Nxc5 dxc5 13. h3 Bh5 14. g4 Bg6 15. Bg3 Nd7 16. Nh4 Bh7 17. Ng2 g5 18. Qd2 h5 19. f3 a6 20. Ne3 O-O-O 21. Kg2 f6 22. Rh1 Nf8 23. h4 hxg4 24. Nxg4 Ne6 25. hxg5 Nxg5 26. Qe3 Bg6 27. Rh4 Ne6 28. Rah1 Rhg8 29. Rh6 Rdf8 30. Kf2 Nd4 31. Rc1 Qg7 32. c3 Nxb3 33. Rg1 Qd7 34. Bh4 Qd6 35. Nxf6 Rxf6 36. Bxf6 Qxf6 37. Qg5 Qxg5 38. Rxg5 Rd8 39. Rhxg6 Nc1 40. Rg8 Nxd3+ 41. Ke2 c4 42. Rxd8+ Kxd8 43. Kd2 b5 44. b3 Kc7 45. bxc4 bxc4 46. Rf5 Kd6 47. Kc2 Nf4 48. Kb2 a5 49. Rxf4 exf4 50. Ka3 Kc5 51. Ka4 Kb6 52. e5 Kc5 53. Kxa5 Kd5 54. Kb6 1-0

[Event "Oberliga Ost B"]
[Site "?"]
[Date "2022.10.23"]
[Round "3.7"]
[White "Duncker, Joachim"]
[Black "Weiss, Matthias"]
[Result "1-0"]
[WhiteElo "2197"]
[BlackElo "2035"]
[PlyCount "71"]
[EventDate "2022.09.18"]
[EventType "team-tourn"]
[EventCountry "GER"]
[WhiteTeam "Marburg SK"]
[BlackTeam "Schoeneck SF"]
[WhiteTeamCountry "GER"]
[BlackTeamCountry "GER"]

1. e4 c5 2. Nc3 e6 3. g3 d5 4. exd5 exd5 5. d4 Nf6 6. Bg5 Nc6 7. Bg2 cxd4 8. Nxd5 Be7 9. Bxf6 Bxf6 10. Ne2 O-O 11. O-O Bg4 12. h3 Bxe2 13. Qxe2 g6 14. Nxf6+ Qxf6 15. Rfe1 Rfd8 16. Qb5 Rd6 17. Re4 Rad8 18. Rae1 R8d7 19. Rf4 Qd8 20. h4 Re7 21. Rfe4 Rxe4 22. Rxe4 Qd7 23. Qe2 Kg7 24. h5 f5 25. Re8 Kf7 26. Bxc6 bxc6 27. Rh8 Kf6 28. h6 Re6 29. Qd2 Re7 30. Rf8+ Rf7 31. Rb8 Qd6 32. Re8 Re7 33. Rxe7 Kxe7 34. Qa5 Kf6 35. Qxa7 Qe5 36. Qg7+ 1-0

[Event "Oberliga Ost B"]
[Site "?"]
[Date "2022.10.23"]
[Round "3.8"]
[White "Mueller, Achim"]
[Black "Nekhamkis, Genadi"]
[Result "0-1"]
[WhiteElo "2117"]
[BlackElo "2071"]
[PlyCount "78"]
[EventDate "2022.09.18"]
[EventType "team-tourn"]
[EventCountry "GER"]
[WhiteTeam "Schoeneck SF"]
[BlackTeam "Marburg SK"]
[WhiteTeamCountry "GER"]
[BlackTeamCountry "GER"]

1. Nf3 f5 2. c4 d6 3. d4 Nf6 4. Nc3 g6 5. g3 Bg7 6. Bg2 O-O 7. O-O Nc6 8. d5 Ne5 9. Nxe5 dxe5 10. Be3 a6 11. Bc5 g5 12. Qd2 h6 13. Rad1 Qe8 14. e3 Rf7 15. a4 Bf8 16. Qe2 Rh7 17. Ba3 h5 18. c5 h4 19. d6 exd6 20. cxd6 c6 21. a5 Be6 22. Na4 Qg6 23. Nb6 Rd8 24. Nc4 Qh6 25. h3 g4 26. Nxe5 hxg3 27. fxg3 gxh3 28. Bf3 Nd5 29. Bxd5 h2+ 30. Kh1 Bxd5+ 31. Rxd5 cxd5 32. Rxf5 Bxd6 33. Ng4 Qe6 34. Qf3 Kh8 35. Rf6 Qe7 36. Bxd6 Rxd6 37. Rf8+ Kg7 38. Rb8 Rc6 39. Qf1 Qe4+ 0-1

[Event "Oberliga Ost B"]
[Site "?"]
[Date "2022.10.23"]
[Round "3.1"]
[White "Kunin, Vitaly"]
[Black "Philipp, Mathias"]
[Result "1-0"]
[WhiteElo "2517"]
[BlackElo "2173"]
[PlyCount "109"]
[EventDate "2022.09.18"]
[EventType "team-tourn"]
[EventCountry "GER"]
[WhiteTeam "Moerlenbach Birkenau Freibauer"]
[BlackTeam "Weimar SV Vimaria"]
[WhiteTeamCountry "GER"]
[BlackTeamCountry "GER"]

1. d4 f5 2. Bg5 h6 3. Bf4 Nf6 4. e3 e6 5. Be2 Be7 6. Bh5+ Nxh5 7. Qxh5+ Kf8 8. Nc3 d6 9. e4 g5 10. Bd2 Qe8 11. Qe2 Bd7 12. O-O-O Nc6 13. Qd3 Qg6 14. Nge2 fxe4 15. Nxe4 d5 16. Nc5 Qxd3 17. Nxd3 Kg7 18. f4 b6 19. Rde1 Bf6 20. Ng3 Kg6 21. c3 a5 22. h4 gxh4 23. f5+ exf5 24. Nf4+ Kf7 25. Ngh5 Ne7 26. Nxf6 Kxf6 27. Rxh4 c6 28. Reh1 Kg7 29. R4h3 Rag8 30. Nd3 Kf7 31. Rxh6 Rxh6 32. Ne5+ Ke8 33. Rxh6 Rxg2 34. Rd6 Bc8 35. Nxc6 Nxc6 36. Rxc6 Ba6 37. Kc2 f4 38. Rxb6 Be2 39. Bxf4 Bc4+ 40. Bd2 Bxa2 41. Ra6 Rg1 42. Rxa5 Bb1+ 43. Kb3 Rg2 44. Bf4 Be4 45. Ra7 Kd8 46. Bd6 Kc8 47. Ba3 Kb8 48. Re7 Rg6 49. Kb4 Bg2 50. Kc5 Kc8 51. Bb4 Ra6 52. Rg7 Be4 53. Rf7 Kb8 54. Ba5 Bc2 55. b4 1-0

[Event "Oberliga Ost B"]
[Site "?"]
[Date "2022.10.23"]
[Round "3.3"]
[White "Legde, Georg"]
[Black "Mysliwiec, Joerg"]
[Result "1-0"]
[WhiteElo "2353"]
[BlackElo "2093"]
[PlyCount "69"]
[EventDate "2022.09.18"]
[EventType "team-tourn"]
[EventCountry "GER"]
[WhiteTeam "Moerlenbach Birkenau Freibauer"]
[BlackTeam "Weimar SV Vimaria"]
[WhiteTeamCountry "GER"]
[BlackTeamCountry "GER"]

1. Nf3 Nf6 2. c4 e6 3. g3 d5 4. Bg2 Be7 5. O-O O-O 6. d4 Nc6 7. Ne5 Nxe5 8. dxe5 Nd7 9. cxd5 Nxe5 10. Nc3 exd5 11. Nxd5 Bd6 12. Bf4 Re8 13. Qc2 c6 14. Nc3 Ng6 15. Bxd6 Qxd6 16. Rad1 Qc5 17. Rd2 Be6 18. Qa4 Rad8 19. Rfd1 Rxd2 20. Rxd2 Ne5 21. Qd1 Qa5 22. Qc2 Qc5 23. b3 h6 24. Qb2 Bf5 25. h3 Qb6 26. Na4 Qa5 27. Qd4 b5 28. Qc3 Qc7 29. Nc5 Bc8 30. Ne4 f6 31. Nd6 Rd8 32. Nxb5 Qb6 33. Rxd8+ Qxd8 34. Nd4 Ba6 35. f4 1-0

[Event "Oberliga Ost B"]
[Site "?"]
[Date "2022.10.23"]
[Round "3.4"]
[White "Riedel, Finn"]
[Black "Dittmar, Peter"]
[Result "1/2-1/2"]
[WhiteElo "2138"]
[BlackElo "2206"]
[PlyCount "60"]
[EventDate "2022.09.18"]
[EventType "team-tourn"]
[EventCountry "GER"]
[WhiteTeam "Weimar SV Vimaria"]
[BlackTeam "Moerlenbach Birkenau Freibauer"]
[WhiteTeamCountry "GER"]
[BlackTeamCountry "GER"]

1. e4 c6 2. d4 d5 3. e5 c5 4. Nf3 Nc6 5. dxc5 e6 6. a3 Bxc5 7. b4 Bb6 8. Bb2 Nge7 9. Bd3 Ng6 10. g3 Qc7 11. Qe2 Bd7 12. Nbd2 Nce7 13. c4 dxc4 14. Nxc4 Bc6 15. Nd6+ Kf8 16. Rc1 Qd7 17. O-O Nc8 18. b5 Bd5 19. Nxc8 Rxc8 20. Rxc8+ Qxc8 21. Rc1 Qd8 22. a4 Ne7 23. Ba3 g6 24. Be4 Kg7 25. Bxd5 Nxd5 26. h4 Qd7 27. Ng5 Rc8 28. Rxc8 Qxc8 29. Qf3 Qd7 30. h5 Bd8 1/2-1/2

[Event "Oberliga Ost B"]
[Site "?"]
[Date "2022.10.23"]
[Round "3.5"]
[White "Wrede, Michael"]
[Black "Albrecht, Juergen"]
[Result "1-0"]
[WhiteElo "2186"]
[BlackElo "2140"]
[PlyCount "85"]
[EventDate "2022.09.18"]
[EventType "team-tourn"]
[EventCountry "GER"]
[WhiteTeam "Moerlenbach Birkenau Freibauer"]
[BlackTeam "Weimar SV Vimaria"]
[WhiteTeamCountry "GER"]
[BlackTeamCountry "GER"]

1. d4 Nf6 2. Bg5 Ne4 3. Bh4 g5 4. f3 gxh4 5. fxe4 Bh6 6. Nf3 d5 7. exd5 Qxd5 8. Nc3 Qh5 9. Qd3 c6 10. Nd2 Nd7 11. O-O-O Nf6 12. h3 Be6 13. Kb1 O-O-O 14. e4 Bxd2 15. Rxd2 Qa5 16. Be2 Rd7 17. Rhd1 Rhd8 18. Qe3 b5 19. b3 Qb6 20. Bf3 a5 21. Ne2 a4 22. b4 Bc4 23. e5 Nd5 24. Bxd5 Bxd5 25. Qg5 Be4 26. Qg4 Bg6 27. Qxh4 a3 28. Qf4 Qa7 29. Qe3 f6 30. exf6 exf6 31. Nc1 Bf7 32. Qc3 Bd5 33. g4 Re8 34. Nb3 Rde7 35. Na5 Kc7 36. Qxa3 Re3 37. Rd3 Qxd4 38. Nb3 Rxd3 39. Qa5+ Kd6 40. Rxd3 Re1+ 41. Nc1 Qg1 42. Qd8+ Ke5 43. Qe7+ 1-0

[Event "Oberliga Ost B"]
[Site "?"]
[Date "2022.10.23"]
[Round "3.6"]
[White "Gulich, Christian"]
[Black "Boehmer, Christian"]
[Result "1/2-1/2"]
[WhiteElo "2016"]
[BlackElo "2150"]
[PlyCount "114"]
[EventDate "2022.09.18"]
[EventType "team-tourn"]
[EventCountry "GER"]
[WhiteTeam "Weimar SV Vimaria"]
[BlackTeam "Moerlenbach Birkenau Freibauer"]
[WhiteTeamCountry "GER"]
[BlackTeamCountry "GER"]

1. e4 c5 2. Nf3 e6 3. d4 cxd4 4. Nxd4 Nc6 5. Nb5 d6 6. Bf4 e5 7. Be3 a6 8. N5c3 Nf6 9. Nd5 Nxd5 10. Qxd5 Be6 11. Qd2 d5 12. exd5 Qxd5 13. Qxd5 Bxd5 14. Nc3 Be6 15. O-O-O Rc8 16. a3 Ne7 17. g3 Nf5 18. Bb6 Be7 19. Bg2 Nd6 20. Nd5 Bg5+ 21. Be3 Bxe3+ 22. Nxe3 Ke7 23. Nd5+ Bxd5 24. Rxd5 f6 25. Rhd1 Rhd8 26. Bh3 Rc7 27. b3 Nf7 28. Kb2 Rxd5 29. Rxd5 b5 30. Rd3 Nd6 31. Bg2 f5 32. Rc3 Kd7 33. Rxc7+ Kxc7 34. Bd5 g5 35. c4 bxc4 36. bxc4 Kb6 37. Kc3 Kc5 38. Kd3 Ne8 39. Be6 Nd6 40. Bd5 e4+ 41. Kc3 f4 42. h4 gxh4 43. gxh4 e3 44. fxe3 fxe3 45. Kd3 Nxc4 46. Bxc4 e2 47. Kxe2 Kxc4 48. Kf3 Kb3 49. Kg4 Kxa3 50. Kh5 Kb3 51. Kh6 a5 52. Kxh7 a4 53. h5 a3 54. h6 a2 55. Kg8 a1=Q 56. h7 Qg1+ 57. Kh8 Qg3 1/2-1/2

[Event "Oberliga Ost B"]
[Site "?"]
[Date "2022.10.23"]
[Round "3.7"]
[White "Schneider, Heiko"]
[Black "Homberger, Jan"]
[Result "1/2-1/2"]
[WhiteElo "2127"]
[BlackElo "1867"]
[PlyCount "94"]
[EventDate "2022.09.18"]
[EventType "team-tourn"]
[EventCountry "GER"]
[WhiteTeam "Moerlenbach Birkenau Freibauer"]
[BlackTeam "Weimar SV Vimaria"]
[WhiteTeamCountry "GER"]
[BlackTeamCountry "GER"]

1. d4 Nf6 2. Nf3 g6 3. g3 Bg7 4. Bg2 O-O 5. O-O d5 6. c4 c6 7. Nc3 Nbd7 8. Re1 Re8 9. cxd5 cxd5 10. Qb3 Nb6 11. a4 a5 12. Nb5 Bd7 13. Bf4 Bxb5 14. Qxb5 Nh5 15. Bd2 Nc4 16. Bc3 e6 17. Ne5 Nd6 18. Qb3 Nf6 19. Red1 Qe7 20. Rac1 Rec8 21. Be1 Qd8 22. e3 Nd7 23. Rxc8 Qxc8 24. Nxd7 Qxd7 25. Rc1 Qd8 26. Bf1 Bf8 27. Rc5 b6 28. Rc6 Rb8 29. Ba6 h5 30. Bd3 h4 31. Kg2 hxg3 32. hxg3 Kg7 33. Bd2 Be7 34. Rc1 Ne4 35. Qc2 Nxd2 36. Qxd2 Rc8 37. Rh1 Bb4 38. Qd1 Qg5 39. f4 Qe7 40. Qg4 Rh8 41. Rc1 Bd2 42. Rc6 Rh6 43. Qg5 Qxg5 44. fxg5 Rh8 45. Kf3 Rb8 46. Rc7 Kf8 47. Bb5 Bb4 1/2-1/2

[Event "Oberliga Ost B"]
[Site "?"]
[Date "2022.10.23"]
[Round "3.8"]
[White "Graef, Michael"]
[Black "Wohlfart, Paulus"]
[Result "0-1"]
[WhiteElo "1967"]
[BlackElo "2087"]
[PlyCount "46"]
[EventDate "2022.09.18"]
[EventType "team-tourn"]
[EventCountry "GER"]
[WhiteTeam "Weimar SV Vimaria"]
[BlackTeam "Moerlenbach Birkenau Freibauer"]
[WhiteTeamCountry "GER"]
[BlackTeamCountry "GER"]

1. d4 d5 2. Nf3 Nf6 3. e3 Bg4 4. c4 c6 5. Qb3 Qb6 6. c5 Qc7 7. Ne5 Bf5 8. Bd3 e6 9. Bxf5 exf5 10. Qd3 g6 11. b4 Bg7 12. Nc3 O-O 13. Bb2 a5 14. b5 b6 15. cxb6 Qxb6 16. Ba3 Rc8 17. Bc5 Qb7 18. Rb1 cxb5 19. Nxb5 Qa6 20. Nc3 Ne4 21. Nxe4 fxe4 22. Qxa6 Rxa6 23. Ba3 f6 0-1